000 02472nam a2200241Ia 4500
003 Ost
005 20260507075448.0
008 260507s9999||||xx |||||||||||||| ||und||
040 _cfsecg
041 _aara
082 _a512
100 _aعيسى عبد الكريم، اسماء
_eمؤلف
245 0 _aالرياضيات :
_bالاقترانات وانواعها /
_c اسماء عيسى عبد الكريم
260 _aعمان:
_bدار صفاء للنشر,
_c2004
300 _a104 صفحة؛
_bإيضاحات ؛
_c24 سم
504 _aبيبليوغرافيا ص.104
520 _aيتناول هذا الكتاب المقدمة : الاقترانات : مجال اقتران ومداه : أنواع الاقترانات : اقتران واحد ل واحد : الاقتران الشامل : الاقتران التناظري : تقسيم الاقترانات : كثيرات الحدود : تساوي كثيرات الحدود : تصنيف الاقترانات : الاقترانات الزوجية والفردية : تمثيل بعض الاقترانات : الاقتران الثابت : الاقتران الخطي : الاقترانات التربيعية : اقتران القيمة المطلقة واقتران أكبر عدد صحيح واقتران النظير : اقتران القيمة المطلقة : اقتران أكبر عدد صحيح : الاقتران النظير (العكسي) : العمليات الجبرية على الاقترانات : عمليات الجمع والطرح والضرب والقسمة : القسمة الطويلة : القسمة التركيبية : نظرية الباقي ونظرية العوامل : نظرية الباقي : نظرية العوامل : أصفار الاقتران : إشارة كثيرات الحدود : الاقترانات المثلثية : الزاوية والوضع القياسي لها : قياس الزاوية : النظام الستيني : النظام الدائري : المثلث قائم الزاوية : الاقترانات المثلثية : إشارة جيب وجيب تمام الزاوية : تمثيل الاقترانات المثلثية بيانيا : متطابقات مثلثية : الاقترانات الأسية واللوغاريتمية : المعادلات الأسية واللوغارتمية
653 _aاقتران ثابت
653 _aاقتران خطي
653 _aاقترانات
653 _aرياضيات
942 _cكتاب
999 _c44597
_d44597